00596cam a2200205ua 45000010005000000080039000050200018000440400009000620410008000710820008000791000026000872450060001132500009001732600033001823000010002156530038002259420007002639990015002709520105002858685150212n ii |||gr||||Z||||||eng a9788192058528 cMAIN aeng a820 aMahanta, J.,eAuthor.1 aHistory of english socirty and culturecBy Junu Mahanta a1st. aDibrugarh:bBanalata,c2012. a308p. aEnglish.& Old English literatures cBK c7783d7783 00104070aMAINbMAINcGENd2020-09-19l0o820 | MAHp20989r2020-09-19 00:00:00t1w2020-09-19yBK